000 01105nam a2200205 a 4500
001 000017106
005 20200929165026.0
008 100317s1983 dr 001 0 spa d
040 _aDO-SdBNP
_bspa
_cBNPHU
082 _axxxx
_bJ254t
100 1 _aviñas Román, Jaime A.
_923796
245 1 0 _a2 temas de interés nacional /
_cJaime A. Viñas Román.
246 1 3 _aDos temas de interés nacional
260 _aSanto Domingo :
_bAsociación de Dominicana de Ingeniero Agronomos,
_c1983.
300 _a41 p. ;
_c21 cm.
500 _aSimposio: investigación, extensión y transferencia tecnológica agropecuaria y las universidadas: las propuestas del presidente, celebrado en el recinto Santo Tomás de Aquino
504 _aIncluye bibliografía (p. 40-41)
505 2 _aPonencia del rector de la Universidad Nacional Pedro Henríquez Ureña /Jaime A. Viñas Román -- Investigación, extensión y capacitación agropecuarias y las universidades: importancia de la propuestas del presidente -- La contaminación ambiental : peligro que nos amenaza a todos -- /Jaime A. Viñas Roman .
049 _aBNPD
999 _c16632
_d16632